[Event "Florianopolis op 10th"]
[Site "Florianopolis"]
[Date "2024.01.23"]
[Round "5"]
[White "De Paula, Luan Araujo"]
[Black "Mauro, Roberto Da Silva"]
[Result "1-0"]
[WhiteElo "1863"]
[BlackElo "1562"]
[PlyCount "111"]
[EventDate "2024.01.20"]
[EventType "swiss"]
[EventRounds "10"]
[EventCountry "BRA"]
[SourceTitle "CB05_2024"]
[SourceDate "2024.01.31"]
[SourceVersion "1"]
[SourceVersionDate "2024.01.31"]
[SourceQuality "1"]

1. e4 c5 2. Nf3 e6 3. d4 cxd4 4. Nxd4 Nc6 5. Be3 Nf6 6. Nc3 a6 7. g3 d6 8. Bg2 Bd7 9. 0-0 Qc7 10. a4 Rc8 11. Re1 Na5 12. Qe2 Qc4 13. Rad1 Qxe2 14. Rxe2 Be7 15. f4 Nc6 16. Nb3 e5 17. h3 Be6 18. Nd5 Nd7 19. Red2 0-0 20. Nxe7+ Nxe7 21. Rxd6 Rxc2 22. Rxe6 fxe6 23. Rxd7 exf4 24. gxf4 Ng6 25. Rd2 Rxd2 26. Bxd2 Nxf4 27. Bxf4 Rxf4 28. Nc5 Rf6 29. Nxb7 e5 30. Bf1 Rb6 31. Nc5 a5 32. Bb5 Kf7 33. Nd7 Rd6 34. Nxe5+ Ke6 35. Nd3 g5 36. Kf2 h5 37. Kg3 Rd4 38. b3 Rd8 39. Bc4+ Kd6 40. e5+ Ke7 41. h4 Rd4 42. hxg5 Rg4+ 43. Kh3 Rxg5 44. Kh4 Rg1 45. Kxh5 Rg3 46. Nf2 Rg1 47. Ng4 Rg3 48. Kg5 Rg1 49. Kf5 Rg3 50. Kf4 Rg1 51. Ne3 Re1 52. Nf5+ Kf8 53. e6 Ke8 54. Kg5 Re5 55. Kf6 Re1 56. Bb5+ 1-0

[Event "Florianopolis op 9th"]
[Site "Florianopolis"]
[Date "2023.01.28"]
[Round "9"]
[White "Mauro, Roberto Da Silva"]
[Black "Borsato, Ana Carolina Teodor"]
[Result "0-1"]
[WhiteElo "1590"]
[BlackElo "1832"]
[PlyCount "66"]
[EventDate "2023.01.23"]
[EventType "swiss"]
[EventRounds "10"]
[EventCountry "BRA"]
[SourceTitle "CBM 212 Extra"]
[Source "ChessBase"]
[SourceDate "2023.03.31"]
[SourceVersion "1"]
[SourceVersionDate "2023.03.31"]
[SourceQuality "1"]

1. e4 e5 2. Nf3 Nc6 3. Bc4 Nf6 4. d3 Bc5 5. c3 0-0 6. 0-0 h6 7. b4 Bb6 8. a4 a6 9. Ba3 d6 10. Nbd2 Bg4 11. h3 Bh5 12. Re1 Re8 13. Nf1 Bg6 14. Nh4 Bh5 15. Qd2 Nxe4 16. Rxe4 d5 17. Bxd5 Qxd5 18. c4 Qd7 19. c5 Ba7 20. Ng3 Bg6 21. Nxg6 fxg6 22. Rae1 Re6 23. h4 Rae8 24. h5 g5 25. Nf5 Qf7 26. g4 Nd4 27. Nxd4 exd4 28. Bb2 Rxe4 29. dxe4 Qd7 30. f3 d3 31. Re3 Rd8 32. Kg2 Qxa4 33. Qc3 Qc2+ 0-1

[Event "Florianopolis op 9th"]
[Site "Florianopolis"]
[Date "2023.01.26"]
[Round "5"]
[White "Mauro, Roberto Da Silva"]
[Black "Marques Junior, Marcos Antonio"]
[Result "0-1"]
[WhiteElo "1590"]
[BlackElo "1870"]
[PlyCount "62"]
[EventDate "2023.01.23"]
[EventType "swiss"]
[EventRounds "10"]
[EventCountry "BRA"]
[SourceTitle "CBM 212 Extra"]
[Source "ChessBase"]
[SourceDate "2023.03.31"]
[SourceVersion "1"]
[SourceVersionDate "2023.03.31"]
[SourceQuality "1"]

1. d4 Nf6 2. c4 e6 3. Nf3 d5 4. g3 Be7 5. Bg2 0-0 6. cxd5 exd5 7. 0-0 c6 8. Qb3 Nbd7 9. Bd2 Re8 10. Re1 a5 11. a4 Ne4 12. Bc3 Bd6 13. Nbd2 Ndf6 14. Rac1 Qe7 15. Nf1 Ng4 16. h3 Ngxf2 17. g4 h5 18. Ne5 hxg4 19. Bxe4 Nxe4 20. hxg4 Qh4 21. Qc2 Qf2+ 22. Kh1 Re6 23. g5 Bxe5 24. e3 Qf3+ 25. Kg1 Rg6 26. Re2 Bh3 27. Rg2 Bxg2 28. Qxg2 Rxg5 29. Qxg5 Qf2+ 30. Kh1 Nxg5 31. dxe5 Nf3 0-1

[Event "Florianopolis op 9th"]
[Site "Florianopolis"]
[Date "2023.01.24"]
[Round "3"]
[White "Mauro, Roberto Da Silva"]
[Black "Muzzi, Eduardo"]
[Result "0-1"]
[WhiteElo "1590"]
[BlackElo "1917"]
[PlyCount "69"]
[EventDate "2023.01.23"]
[EventType "swiss"]
[EventRounds "10"]
[EventCountry "BRA"]
[SourceTitle "CBM 212 Extra"]
[Source "ChessBase"]
[SourceDate "2023.03.31"]
[SourceVersion "1"]
[SourceVersionDate "2023.03.31"]
[SourceQuality "1"]

1. d4 Nf6 2. c4 c5 3. d5 b5 4. cxb5 a6 5. bxa6 Bxa6 6. Nc3 g6 7. e4 Bxf1 8. Kxf1 d6 9. g3 Bg7 10. Kg2 0-0 11. Nf3 Nbd7 12. Re1 Ra6 13. a4 Qa8 14. Ra3 Ng4 15. Nd2 Nge5 16. Nb5 c4 17. Nc7 Qa7 18. Nxa6 Qxa6 19. Qc2 Nd3 20. Re3 Rc8 21. f4 Nb4 22. Qd1 Nc5 23. Nf3 Ncd3 24. Rc3 Bxc3 25. bxc3 Nxc1 26. cxb4 Nd3 27. b5 Qb6 28. Re2 Qc5 29. Qb1 Nb4 30. Ne1 c3 31. Nc2 Qc4 32. Qd1 Nd3 33. Ne3 Qxe4+ 34. Kh3 Qxe3 35. Rxe3 0-1

[Event "Florianopolis Spring op 2nd"]
[Site "Florianopolis"]
[Date "2022.10.23"]
[Round "6"]
[White "Zottis, Pietro"]
[Black "Mauro, Roberto Da Silva"]
[Result "1/2-1/2"]
[WhiteElo "1224"]
[BlackElo "1619"]
[PlyCount "75"]
[EventDate "2022.10.21"]
[EventType "swiss"]
[EventRounds "6"]
[EventCountry "BRA"]
[SourceTitle "EXT 2024"]
[Source "ChessBase"]
[SourceDate "2023.10.10"]
[SourceVersion "1"]
[SourceVersionDate "2023.10.10"]
[SourceQuality "1"]

1. d4 d5 2. Bf4 Nf6 3. e3 e6 4. Nf3 c5 5. c3 Nc6 6. Bd3 Be7 7. Nbd2 Bd7 8. 0-0 h6 9. Ne5 0-0 10. h3 Rc8 11. Rc1 Qb6 12. b3 Rfd8 13. Qf3 cxd4 14. exd4 Bf8 15. Bxh6 Nxe5 16. dxe5 Ne8 17. Bg5 g6 18. Bxd8 Qxd8 19. Qg3 Ng7 20. f4 Qa5 21. Bb1 Nh5 22. Qd3 d4 23. cxd4 Rxc1 24. Rxc1 Nxf4 25. Qe3 Bh6 26. Kh1 Kg7 27. Nc4 Qd8 28. Nd6 Qh4 29. Qf3 Bc6 30. Rxc6 Qe1+ 31. Kh2 bxc6 32. Be4 Qd2 33. Ne8+ Kf8 34. Nd6 Qxd4 35. Bxg6 fxg6 36. Qxc6 Ne2 37. Qe8+ Kg7 38. Qe7+ 1/2-1/2